[Event "Berlin-ch 2011 U14 Vorrunde 1"]
[Site "Berlin"]
[Date "2010.09.19"]
[Round "3.9"]
[White "Lilienthal, Maximilian"]
[Black "Suhre, Florian"]
[Result "1-0"]
[WhiteElo "1184"]
[BlackElo "808"]
[PlyCount "65"]
[EventDate "2010.09.18"]
[EventType "swiss"]
[EventRounds "7"]
[EventCountry "GER"]
[SourceTitle "EXT 2022"]
[Source "ChessBase"]
[SourceDate "2021.10.06"]
[SourceVersion "1"]
[SourceVersionDate "2021.10.06"]
[SourceQuality "1"]

1. c4 e6 2. e4 Nf6 3. Nc3 e5 4. d3 c5 5. g3 d6 6. Bg5 Be7 7. Bg2 Be6 8. Nge2 h6 9. Bxf6 Bxf6 10. 0-0 Nc6 11. f4 Nd4 12. fxe5 Nxe2+ 13. Qxe2 Bxe5 14. Nd5 0-0 15. Nf4 Qb6 16. Rab1 Bd4+ 17. Kh1 Qa5 18. a3 b5 19. cxb5 Qxb5 20. b4 Rab8 21. bxc5 Qe8 22. cxd6 g5 23. Nh5 Qd8 24. e5 Rxb1 25. Rxb1 Qc8 26. Qe4 f5 27. Qxd4 Qc2 28. Rg1 Bf7 29. Nf6+ Kg7 30. d7 Qc7 31. e6 Bxe6 32. Ne8+ Kf7 33. Qg7# 1-0